A vida invisível de Eurídice Gusmão (Record no. 157369)

MARC details
000 -LÍDER
campo de controle de tamanho fixo 00445 a2200169 4500
001 - NÚMERO DE CONTROLE
campo de controle 157369
020 ## - ISBN - INTERNATIONAL STANDARD BOOK NUMBER
ISBN - International Standard Book Number 978-85-359-2706-1
040 ## - FONTE DA CATALOGAÇÃO
Instituição que transcreveu o registro Escola São Tomás de Aquino
100 ## - ENTRADA PRINCIPAL--NOME PESSOAL
Nome pessoal BATALHA, Martha
240 10 - TÍTULO UNIFORME
Título uniforme A vida invisível de Eurídice Gusmão
Idioma da obra por
245 10 - TÍTULO
Título A vida invisível de Eurídice Gusmão
300 ## - DESCRIÇÃO FÍSICA
Extensão 188
362 0# - DATAS DE PUBLICAÇÃO E/OU DESIGNAÇÃO SEQUENCIAL
Datas de publicação e/ou designação sequencial 2016
440 #1 - DECLARAÇÃO DE SÉRIE/ENTRADA ADICIONADA--TÍTULO
Título Companhia das Letras
697 ## - ENTRADA DE ASSUNTO LOCAL--ENTIDADE COLETIVA (RLIN)
Nome corporativo ou nome da jurisdição Romance / Ficção portuguesa
942 ## - ELEMENTOS DE ENTRADA ADICIONADOS (KOHA)
Tipo de material Koha Livros
Holdings
Situação do descarte Situação das perdas Situação física Não pode ser emprestado Biblioteca de origem Biblioteca atual Data de aquisição Total de empréstimos Número de chamada completo Código de barras Data de último acesso Data do preço efetivo Tipo de material Koha
        ESTA - SÃO BENTO ESTA - SÃO BENTO 30/04/2024   869.3 BAT VID EST00012264 30/04/2024 30/04/2024 Livros
        ESTA - SÃO BENTO ESTA - SÃO BENTO 30/04/2024   869.3 BAT VID EST00012265 30/04/2024 30/04/2024 Livros
        ESTA - SÃO BENTO ESTA - SÃO BENTO 30/04/2024   869.3 BAT VID EST00012322 30/04/2024 30/04/2024 Livros
        ESTA - SÃO BENTO ESTA - SÃO BENTO 30/04/2024   869.3 BAT VID EST00012323 30/04/2024 30/04/2024 Livros
        ESTA - SÃO BENTO ESTA - SÃO BENTO 30/04/2024   869.3 BAT VID EST00012448 30/04/2024 30/04/2024 Livros
        ESTA - SÃO BENTO ESTA - SÃO BENTO 30/04/2024   869.3 BAT VID EST00012465 30/04/2024 30/04/2024 Livros